000 01298cad a22002175a 4500
001 E149399
008 100302s2010 xxk f s000 0 eng d
035 _a(Sirsi) u149399
041 0 _aeng
050 0 4 _a614.76 $2 18
110 2 _aScotland
_bScottish Government
_95344
245 0 0 _aConsultation paper on the consolidation of the Waste Management Licensing Regulations and amendments arising from the Better Waste Regulation exercise
_h[electronic resource]
260 _aEdinburgh
_bScottish Government
_c2010
520 _aA consultation on the consolidation of the Waste Management Licensing Regulations in Scotland. Also suggests the streamlining of the licensing system, a proposal which resulted from the Better Waste Regulation consultation carried out by the Scottish Government and SEPA. It is hoped that the proposals will simplify the law and assist with the implementation of the Zero Waste Plan for Scotland, which is due to be launched in May 2010. Deadline for comments is 21 May 2010.
521 _aAdvanced
590 _aKA
651 4 _aScotland
_y1999-
690 _aENVIRONMENTAL AND LAND CONSULTANCY-WASTE MANAGEMENT
856 4 0 _uhttps://www.scotland.gov.uk/Publications/2010/02/23140430/0
_zView the consultation free of charge at www.scotland.gov.uk
942 _n0
999 _c110485
_d110485